00486nam a2200145Ia 4500008004100000040008600041041000800127100002900135245006100164260003700225300001800262653002000280653002000300653002000320130821s2003 ck gr spa  aCo-BoUCMbspacAldemar Mondragón (modificó)dAldemar Mondragón (modificó)00aspa1 aArenas Monsalve, Gerardo00aComentarios a las reformas laboral y de seguridad social aBogotá (Colombia)bLegisc2003 a238 páginas aLey 776 de 2002 aLey 789 de 2002 aLey 797 de 2003